LEADER 00879nam0-22003131i-450- 001 990006806430403321 005 20001010 035 $a000680643 035 $aFED01000680643 035 $a(Aleph)000680643FED01 035 $a000680643 100 $a20001010d--------km-y0itay50------ba 101 0 $aita 105 $ay-------001yy 200 1 $aLavorare per obiettivi$eil segreto per ottenere di più da sé e dagli altri$fLarrieA. Rouillard. 210 $aMilano$cF. Angeli$dc 1994. 215 $a128 p. ill. 22 cm 225 1 $a50 minuti$v33 610 0 $aTempi di lavoro 676 $a650.1 700 1$aRouillard,$bLarrie A.$0411229 801 0$aIT$bUNINA$gRICA$2UNIMARC 901 $aBK 912 $a990006806430403321 952 $aCOLLEZ. 1395 (33)$b24519$fFSPBC 959 $aFSPBC 996 $aLavorare per obiettivi$9633203 997 $aUNINA DB $aGEN01